Management of cleft lip and palate in the developing world (Record no. 37517)
[ view plain ]
| 000 -LEADER | |
|---|---|
| fixed length control field | 01371nam a2200337Ia 4500 |
| 082 04 - DEWEY DECIMAL CLASSIFICATION NUMBER | |
| Classification number | 617.5/225091724 |
| 245 00 - TITLE STATEMENT | |
| Title | Management of cleft lip and palate in the developing world |
| 260 ## - PUBLICATION, DISTRIBUTION, ETC. (IMPRINT) | |
| Place of publication | Chichester, England ; |
| -- | Hoboken, NJ : |
| Name of publisher | John Wiley, |
| Year of publication | c2008. |
| 300 ## - PHYSICAL DESCRIPTION | |
| Number of Pages | xii, 221 p. : |
| Other physical details | ill. |
| 650 #0 - SUBJECT ADDED ENTRY--TOPICAL TERM | |
| Topical Term | Cleft lip |
| Topical Term | Cleft palate |
| 700 1# - ADDED ENTRY--PERSONAL NAME | |
| Personal name | Mars, Michael. |
| Personal name | Sell, D. A. |
| Personal name | Habel, Alex. |
| 856 40 - ELECTRONIC LOCATION AND ACCESS | |
| Uniform Resource Identifier | http://site.ebrary.com/lib/rucke/Doc?id=10232682 |
No items available.
